| 000 | 01278nam a2200325 a 4500 | ||
|---|---|---|---|
| 001 | ebr10469611 | ||
| 003 | CaPaEBR | ||
| 006 | m u | ||
| 007 | cr cn||||||||| | ||
| 008 | 110609s2011 inua s 001 0 eng d | ||
| 010 | _z 2001012345 | ||
| 020 | _z9780470617892 | ||
| 020 | _z9781118022887 (e-book) | ||
| 040 |
_aCaPaEBR _cCaPaEBR |
||
| 035 | _a(OCoLC)732958457 | ||
| 050 | 1 | 4 |
_aTK5105.875.I6 _bP47 2011eb |
| 100 | 1 | _aPerran, Amanda. | |
| 245 | 1 | 0 |
_aBeginning SharePoint 2010 _h[electronic resource] : _bbuilding business solutions with SharePoint / _cAmanda Perran ... [et al.]. |
| 260 |
_aIndianapolis, Ind. : _bWiley Pub., Inc., _c2011. |
||
| 300 |
_axxxiv, 758 p. : _bill. |
||
| 490 | 0 | _aWrox programmer to programmer | |
| 500 | _aIncludes index. | ||
| 533 |
_aElectronic reproduction. _bPalo Alto, Calif. : _cebrary, _d2013. _nAvailable via World Wide Web. _nAccess may be limited to ebrary affiliated libraries. |
||
| 630 | 0 | 0 | _aMicrosoft SharePoint (Electronic resource) |
| 650 | 0 | _aIntranets (Computer networks) | |
| 650 | 0 | _aWeb servers. | |
| 655 | 7 |
_aElectronic books. _2local |
|
| 710 | 2 | _aebrary, Inc. | |
| 856 | 4 | 0 |
_uhttp://site.ebrary.com/lib/rucke/Doc?id=10469611 _zAn electronic book accessible through the World Wide Web; click to view |
| 999 |
_c221756 _d221756 |
||